Countries of the "Big Five" Animals - Statistics

General Stats
  • This quiz has been taken 17 times
  • The average score is 12 of 14
Answers on the Map
Answers color-coded by a green-red scale on the quiz's map according to % correct below.
 
Answer Stats
Answer % Correct
Democratic Republic of the Congo
100%
Mozambique
94%
Tanzania
94%
Angola
88%
Botswana
88%
Kenya
88%
Rwanda
88%
South Africa
88%
Uganda
88%
Zambia
88%
Zimbabwe
88%
Eswatini
82%
Malawi
82%
Namibia
82%
No matching quizzes found
Score Distribution
Percent of People with Each Score
Percentile by Number Answered
Your Score History
You have not taken this quiz